00982nam a2200253 i 450000100060000000300080000600500170001400800410003102000150007203500190008704000320010604100080013808200250014610000360017124500550020726000290026230000500029150400280034165000440036994200120041399900170042595201440044295201420058634184BD-RjUL20211209052123.0140514s1978 fr af b i000 0 eng d a9231016016 a(BD-RjUL)34278 aDLCcDLCdDLCdBD-RjULbeng aeng00a306.029664bABC 19781 aAbraham, Arthur,d1945-910392510aCultural policy in Sierra Leone /cArthur Abraham. aParis :bUnesco,cc1978. a75 p., [2] leaves of plates :bill. ;c24 cm. aBibliography: p. 65-66. 0aArtszSierra LeonexManagement.9103927 2ddccBK c34184d34184 00102ddc40718NFICaRUCLbRUCLcReadingd1981-12-03eUnesco Giftg0.00l0o306.029664 ABC 1978r2014-05-14 00:00:00tC-1w2014-05-14yBK 00102ddc40708NFICaRUCLbRUCLcStackd1981-12-03eUnesco Giftg0.00l0o306.029664 ABC 1978r2014-05-14 00:00:00tC-2w2014-05-14yBK